The garden adventures of Griswald the Gnome
| Main Author: | |
|---|---|
| Format: | Book |
| Published: |
Edinburgh :
Floris Books ,
2018
|
| Subjects: |
MARC
| LEADER | 00000cam a2200000 7i4500 | ||
|---|---|---|---|
| 001 | 0000278778 | ||
| 005 | 20201001104847.0 | ||
| 020 | |a 9781782505211 | ||
| 090 | 0 | 0 | |a JF |b DRE |
| 100 | 1 | |a Drescher, Daniela | |
| 245 | 1 | 4 | |a The garden adventures of Griswald the Gnome |c Daniela Drescher |
| 260 | |a Edinburgh : |b Floris Books , |c 2018 | ||
| 300 | |a 106p : |b ill.,col. ; |c 21cm. | ||
| 650 | 0 | |a Children's stories | |
| 999 | |a 00384464 |b BUKU |c PINJAMAN |e PERPUSTAKAAN KOMUNITI PETALING JAYA | ||